| 000 | 00631nam a2200181 4500 | ||
|---|---|---|---|
| 001 | 116896 | ||
| 003 | ES-MaACL | ||
| 005 | 20230906190804.0 | ||
| 007 | t| | ||
| 008 | 070217s1915 sp r ||||1| spa d | ||
| 100 | 1 |
_aPender, Harold. _990161 |
|
| 245 | 1 | 0 |
_aPrincipios de ingeniería eléctrica / _cpor Harold Pender ; traducción de Luis de la Peña y Braña ; revisada y corregida por José María de Madariaga. |
| 260 |
_aMadrid : _bBeilly Bailliere, _c1915. |
||
| 300 |
_aXVI, 412 p. ; _c24 cm. |
||
| 700 | 1 |
_aPeña y Braña, Luis de la. _990285 |
|
| 700 | 1 |
_aMadariaga, José María de. _975286 |
|
| 852 |
_aES-MaACL _jF-316 |
||
| 999 |
_c116896 _d116896 |
||